00857nam a2200193 i 4500001000700000003000900007005001700016007000300033008004100036245019800077260005700275300002200332700004900354700002900403700007200432852002100504999001900525952011900544146031ES-MaACL20260127062547.0t|071018s1930 sp ||||1| spa d00aVelada en honor de Benito Espinosa celebrada en la Real Academia de Jurisprudencia y Legislación la noche del 21 de febrero de 1927 y organizada por el Excmo. Sr. Don Mario Méndez Bejarano. aMadrid : b[s.n.], c1930 (fImp. de José Murillo) a118 p. ; c20 cm.1 aMéndez Bejarano, Mario, d1857-19319801421 aEspinosa, Benito.947876 aReal Academia de Jurisprudencia y Legislación de España9217612 aES-MaACLjB-4022 c146031d146031 00104070aATENEOMbATENEOMcSPBd2008-01-17eSCl0oB-4022p1152424r2023-02-23 00:00:00w2023-02-23yMONOGRAFIA